Better be forearmed (Record no. 75950)
[ view plain ]
| 000 -LEADER | |
|---|---|
| fixed length control field | 01076cab a2200181 4500 |
| 001 - CONTROL NUMBER | |
| control field | ##L131113 |
| 008 - FIXED-LENGTH DATA ELEMENTS--GENERAL INFORMATION | |
| fixed length control field | 050929n2005 000 0 eng u |
| 035 ## - SYSTEM CONTROL NUMBER | |
| System control number | (Sirsi) u131113 |
| 041 0# - LANGUAGE CODE | |
| Language code of text/sound track or separate title | eng |
| 100 1# - MAIN ENTRY--PERSONAL NAME | |
| Personal name | Patterson, Lindy |
| 245 00 - TITLE STATEMENT | |
| Title | Better be forearmed |
| 260 3# - PUBLICATION, DISTRIBUTION, ETC. | |
| Date of publication, distribution, etc. | 2005 |
| 490 #0 - SERIES STATEMENT | |
| Series statement | Estates Gazette |
| Volume/sequential designation | (0538) 24 September 2005, 134-136(3) |
| 520 ## - SUMMARY, ETC. | |
| Summary, etc. | Examines Joint Ventures (JVs) whose contribution to property development and investment cannot be overestimated and whose popularity is increasing both in the public and private sectors. Discusses what makes JVs attractive but highlights why JV partners must regulate their relationship effectively and have adequate mechanisms in place to deal with the termination of JVs. Looks at a range of problems faced by parties where JVs run into trouble: shareholders' financial commitment, dispute resolution, leaving the JV and the effects of bringing a JV to an end. Lists the common forms of joint venture and dispute resolution. |
| 590 ## - LOCAL NOTE (RLIN) | |
| Local note | IKA111005 |
| 690 ## - LOCAL SUBJECT ADDED ENTRY--TOPICAL TERM (OCLC, RLIN) | |
| Topical term or geographic name as entry element | MANAGEMENT-BUSINESS MANAGEMENT |
| 942 ## - ADDED ENTRY ELEMENTS (KOHA) | |
| Suppress in OPAC | 0 |
| Withdrawn status | Lost status | Source of classification or shelving scheme | Damaged status | Not for loan | Home library | Current library | Shelving location | Date acquired | Total Checkouts | Full call number | Barcode | Date last seen | Copy number | Price effective from | Koha item type |
|---|---|---|---|---|---|---|---|---|---|---|---|---|---|---|---|
| Dewey Decimal Classification | London | London | Journal article | 29/09/2005 | L131113 | 131113-1001 | 06/08/2019 | 1 | 06/08/2019 | Journal article |